<?xml version="1.0" encoding="UTF-8"?>
<record
    xmlns:xsi="http://www.w3.org/2001/XMLSchema-instance"
    xsi:schemaLocation="http://www.loc.gov/MARC21/slim http://www.loc.gov/standards/marcxml/schema/MARC21slim.xsd"
    xmlns="http://www.loc.gov/MARC21/slim">

  <leader>01712nam a22002537a 4500</leader>
  <controlfield tag="003">DO-SdBNP</controlfield>
  <controlfield tag="005">20180405111117.0</controlfield>
  <controlfield tag="008">180405b      2001 dr  00| 0 spa d</controlfield>
  <datafield tag="040" ind1=" " ind2=" ">
    <subfield code="a">BPMSU</subfield>
    <subfield code="b">spa</subfield>
    <subfield code="c">BPMSU</subfield>
  </datafield>
  <datafield tag="082" ind1="0" ind2="4">
    <subfield code="a">RD861.44</subfield>
    <subfield code="b">H765m</subfield>
  </datafield>
  <datafield tag="245" ind1="0" ind2="0">
    <subfield code="a">Homenaje a  las madres dominicanas : </subfield>
    <subfield code="b">a trav&#xE9;s de 20 de nuestros poetas m&#xE1;s representativos /</subfield>
    <subfield code="c">compilaci&#xF3;n y pr&#xF3;logo Mateo Morrison.</subfield>
  </datafield>
  <datafield tag="260" ind1=" " ind2=" ">
    <subfield code="a">Santo Domingo :</subfield>
    <subfield code="b">Baninter, </subfield>
    <subfield code="c">2001.</subfield>
  </datafield>
  <datafield tag="300" ind1=" " ind2=" ">
    <subfield code="a">58 p. ;</subfield>
    <subfield code="c">22 cm.</subfield>
  </datafield>
  <datafield tag="490" ind1="1" ind2=" ">
    <subfield code="a">Espacios culturales</subfield>
    <subfield code="v">14</subfield>
  </datafield>
  <datafield tag="505" ind1=" " ind2=" ">
    <subfield code="a"> </subfield>
  </datafield>
  <datafield tag="505" ind1=" " ind2="2">
    <subfield code="a">A mi madre / Salom&#xE9; Ure&#xF1;a de Henr&#xED;quez -- Oraci&#xF3;n a la madre ida / Manuel Llanes -- Mi vieja se muere / Domingo Moreno Jimenes -- Remate / Manuel del Cabral -- Los caballos de Suro vienen por el viento / Franklin Mieses Burgos -- Maternidad / Manuel Rueda -- A mi madre / Antonio Fern&#xE1;ndez Sp&#xE9;ncer -- La casa / A&#xED;da Cartagena Portalat&#xED;n -- Duele en&#xE9;rsida! / V&#xED;ctor Villegas -- Como la fuente / Lupo Hern&#xE1;ndez Rueda -- Llueve y es que es mayo dulce se&#xF1;ora / M&#xE1;ximo Avil&#xE9;s Blonda -- Clavel encendido / Rodolfo Coiscou Weber -- Palabras para una madre muerta / Abel Fern&#xE1;ndez Mej&#xED;a -- Amor infinito, abnegaci&#xF3;n infinita / Abel Abreu Mej&#xED;a -- Madre mujer / Federico J&#xF3;vine Berm&#xFA;dez -- Iniciaci&#xF3;n del sobresalto / Mateo Morrison -- Carta a mam&#xE1; en blanco y negro / Luis Manuel Ledesma -- Amada / Tony Raful --Meci&#xE9;ndose en su agua / Miguel Antonio Jim&#xE9;nez -- Madre / Carmen S&#xE1;nchez.</subfield>
  </datafield>
  <datafield tag="650" ind1=" " ind2="4">
    <subfield code="a">POES&#xCD;A DOMINICANA</subfield>
  </datafield>
  <datafield tag="650" ind1=" " ind2="4">
    <subfield code="a">LITERATURA DOMINICANA</subfield>
  </datafield>
  <datafield tag="700" ind1="1" ind2="2">
    <subfield code="a">Morrison, Mateo, </subfield>
    <subfield code="e">compilaci&#xF3;n y pr&#xF3;logo </subfield>
  </datafield>
  <datafield tag="830" ind1=" " ind2="0">
    <subfield code="a">Espacios culturales</subfield>
    <subfield code="v">14</subfield>
  </datafield>
  <datafield tag="942" ind1=" " ind2=" ">
    <subfield code="2">ddc</subfield>
    <subfield code="c">BK</subfield>
  </datafield>
  <datafield tag="945" ind1=" " ind2=" ">
    <subfield code="a">Inventariado, 2018 /LP</subfield>
  </datafield>
  <datafield tag="952" ind1=" " ind2=" ">
    <subfield code="0">0</subfield>
    <subfield code="1">0</subfield>
    <subfield code="2">ddc</subfield>
    <subfield code="4">0</subfield>
    <subfield code="7">0</subfield>
    <subfield code="8">CD</subfield>
    <subfield code="a">BPMET</subfield>
    <subfield code="b">BPMET</subfield>
    <subfield code="d">2018-04-05</subfield>
    <subfield code="l">0</subfield>
    <subfield code="o">RD861.44 H765m</subfield>
    <subfield code="p">BPMSU18040013</subfield>
    <subfield code="r">2018-04-05</subfield>
    <subfield code="w">2018-04-05</subfield>
    <subfield code="y">BK</subfield>
  </datafield>
  <datafield tag="952" ind1=" " ind2=" ">
    <subfield code="0">0</subfield>
    <subfield code="1">0</subfield>
    <subfield code="2">ddc</subfield>
    <subfield code="4">0</subfield>
    <subfield code="7">0</subfield>
    <subfield code="8">CD</subfield>
    <subfield code="a">BPMET</subfield>
    <subfield code="b">BPMET</subfield>
    <subfield code="d">2018-04-05</subfield>
    <subfield code="l">0</subfield>
    <subfield code="o">RD861.44 H765m</subfield>
    <subfield code="p">BPMSU18040014</subfield>
    <subfield code="r">2018-04-05</subfield>
    <subfield code="t">ej. 2</subfield>
    <subfield code="w">2018-04-05</subfield>
    <subfield code="y">BK</subfield>
  </datafield>
  <datafield tag="952" ind1=" " ind2=" ">
    <subfield code="0">0</subfield>
    <subfield code="1">0</subfield>
    <subfield code="2">ddc</subfield>
    <subfield code="4">0</subfield>
    <subfield code="7">0</subfield>
    <subfield code="8">CD</subfield>
    <subfield code="a">BPMET</subfield>
    <subfield code="b">BPMET</subfield>
    <subfield code="d">2018-04-05</subfield>
    <subfield code="l">0</subfield>
    <subfield code="o">RD861.44 H765m</subfield>
    <subfield code="p">BPMSU18040015</subfield>
    <subfield code="r">2018-04-05</subfield>
    <subfield code="t">ej. 3</subfield>
    <subfield code="w">2018-04-05</subfield>
    <subfield code="y">BK</subfield>
  </datafield>
  <datafield tag="956" ind1=" " ind2=" ">
    <subfield code="a">LOPEREZ</subfield>
    <subfield code="b">10</subfield>
    <subfield code="c">20180405</subfield>
    <subfield code="h">BPMSU</subfield>
  </datafield>
  <datafield tag="999" ind1=" " ind2=" ">
    <subfield code="c">13360</subfield>
    <subfield code="d">13360</subfield>
  </datafield>
</record>
